000 00194 a2200097 4500
001 4465
100 _aPound,R.V
245 _aMirowave mixers
260 _a
_bMcgrawhill
_c
090 _c3663
_d3663
942 _aNUST-CAE
_cM
_c29591
999 _c239538
_d239538